[Event "POL-chT 66th"]
[Site "Katowice"]
[Date "2010.09.06"]
[Round "3"]
[White "Kryvoruchko, Yuriy"]
[Black "Baklan, Vladimir"]
[Result "1/2-1/2"]
[WhiteElo "2635"]
[BlackElo "2621"]
[Annotator "RR"]
[PlyCount "89"]
[EventDate "2010.09.04"]
[EventType "team-tourn"]
[EventRounds "9"]
[EventCountry "POL"]
[SourceTitle "EXT 2016"]
[Source "ChessBase"]
[SourceDate "2015.10.08"]
[SourceVersion "1"]
[SourceVersionDate "2015.10.08"]
[SourceQuality "1"]
[WhiteTeam "Gorzow Wielkopolski"]
[BlackTeam "Lublin"]
[WhiteTeamCountry "POL"]
[BlackTeamCountry "POL"]

1. e4 e6 2. d4 d5 3. Nc3 Nf6 4. Bg5 dxe4 5. Nxe4 Nbd7 6. Nf3 h6 7. Nxf6+ Nxf6
8. Be3 Ng4 (8... Bd6 9. Bd3 O-O 10. Qe2 b6 11. O-O-O Bb7 12. Ne5 Nd5 13. Bd2
Qh4 14. Nf3 Qf6 15. Qe4 Qf5 16. Qe1 Qf6 17. Qe4 Qf5 18. Qe1 Qf6 19. Be4 c5 20.
dxc5 bxc5 21. c4 Rfe8 22. Kb1 Rab8 23. b3 Bf4 24. Rc1 a5 25. g3 Bxd2 26. Qxd2
Nc3+ 27. Qxc3 Bxe4+ {0-1 (27) Hansen,E (2584)-Meier,G (2632) Dubai 2014}) 9.
Bd2 c5 10. c3 Bd7 11. h3 $146 (11. Bd3 cxd4 12. Nxd4 e5 13. Qe2 Bc5 14. Nf5
Bxf2+ 15. Kf1 Bc6 16. h3 {1-0 (16) Li,C (2590)-Zhou,W (2556) Manila 2008})
11... Nf6 12. Ne5 cxd4 13. Qb3 Bc5 (13... dxc3 $143 14. Bxc3 Bc6 15. Bb5 $32)
14. Nxd7 Nxd7 15. Qxb7 Rb8 16. Qc6 Rxb2 $15 17. Bb5 O-O $3 {[%csl Rd2,Re1]
Profite de l'avance de développement} 18. Bc1 (18. Qxd7 $2 Qf6 {[%csl Rd2,Gf4]
}) 18... dxc3 19. O-O (19. Bxb2 $2 cxb2 20. Rb1 Qa5+) 19... Bd4 20. Qxd7 Qxd7
21. Bxd7 Rb7 22. Bc6 Rc7 $1 {[%csl Gc3] Gagne un tempo important sur le B pour
soutenir le P passé} 23. Ba4 c2 $1 {[%csl Ra1]} 24. Bf4 e5 25. Rac1 exf4 26.
Rxc2 Rxc2 27. Bxc2 Re8 (27... f3 $5 28. gxf3 Re8 29. Rd1 Bb6 30. Bb3 Re2 {
[%csl Rf2]}) 28. Rd1 Bb6 29. Kf1 g5 30. Rd7 {[%csl Rf7][%cal Gc2b3]} Ba5 31. f3
Re1+ 32. Kf2 Re5 33. Be4 (33. Bb3 Bb6+ 34. Kf1 Rf5 {[%csl Rf5]}) 33... Kf8 34.
Ke2 Bb6 35. Rd5 Re8 36. Kd3 Re7 37. a4 Rc7 38. Rd6 Kg7 39. Bd5 Re7 40. Be4 Rc7
41. Bd5 h5 42. Be4 Rc1 43. Rd5 Rd1+ 44. Kc4 Rxd5 45. Kxd5 1/2-1/2

[Event "CUB-ch"]
[Site "Matanzas"]
[Date "1997.03.27"]
[Round "11"]
[White "Rodriguez Cespedes, Amador"]
[Black "Perez Garcia, Rodney Oscar"]
[Result "1/2-1/2"]
[WhiteElo "2555"]
[BlackElo "2385"]
[Annotator "Rodriguez,Am"]
[PlyCount "77"]
[EventDate "1997.03.15"]
[EventType "tourn"]
[EventRounds "13"]
[EventCountry "CUB"]
[EventCategory "7"]
[SourceTitle "CBM 057 Extra"]
[Source "ChessBase"]
[SourceDate "1997.05.01"]
[SourceVersion "1"]
[SourceVersionDate "1997.05.01"]
[SourceQuality "1"]

1. e4 e6 2. d4 d5 3. Nd2 dxe4 4. Nxe4 Be7 5. Nf3 Nd7 6. Bd3 Ngf6 7. O-O Nxe4 (
7... c5 $6 {66/248}) 8. Bxe4 c5 9. c3 O-O 10. Bc2 (10. Be3 {52/274}) 10... Nf6
11. Bg5 (11. dxc5 $5) 11... cxd4 12. Nxd4 Bd7 (12... Qd5 $1 13. f4 (13. Nf3 $5
$14) 13... b6 14. Bb3 Qd7 15. Re1 Rd8 $132) 13. Re1 Nd5 14. Qd3 g6 15. Bh6 Re8
16. Qd2 Qc7 (16... Qb6 17. Bb3 Bc6 18. Nxe6 $1 fxe6 19. Rxe6 $40) 17. Bb3 Bd6 (
17... Bc6 $142 18. Rad1 Bf6 $14) 18. Bxd5 exd5 19. Nf3 Re4 (19... Qc4 $5) 20.
Rxe4 dxe4 21. Qd4 Bf8 22. Bxf8 Rxf8 23. Qxe4 Bc6 24. Qc4 (24. Qd3 $1 Rd8 (24...
Bxf3 25. Qxf3 $16) 25. Nd4 $16) 24... Qb6 25. Qb3 Bxf3 26. Qxb6 axb6 27. gxf3
Rd8 28. c4 Rd2 29. b3 Kg7 30. Kf1 h5 (30... Kf6 $2 31. Ke1 Rb2 32. Rd1 $1 $16)
31. Ke1 Rb2 32. f4 Kf8 33. Kf1 Kg7 34. Kg2 Kf8 35. Kf3 Rc2 36. f5 gxf5 37. Rd1
b5 38. cxb5 Rxa2 39. Rd5 1/2-1/2

[Event "San Francisco"]
[Site "San Francisco"]
[Date "1991.??.??"]
[Round "8"]
[White "Tal, Mihail"]
[Black "Rogers, Ian"]
[Result "1-0"]
[WhiteElo "2570"]
[BlackElo "2545"]
[Annotator "Rogers,I"]
[PlyCount "51"]
[EventDate "1991.03.??"]
[EventType "tourn"]
[EventRounds "11"]
[EventCountry "USA"]
[EventCategory "12"]
[SourceTitle "CBM 023"]
[Source "ChessBase"]
[SourceDate "1991.08.01"]
[SourceVersion "1"]
[SourceVersionDate "1991.08.01"]
[SourceQuality "1"]

1. e4 e6 2. d4 d5 3. Nd2 dxe4 4. Nxe4 Nd7 5. Nf3 Ngf6 6. Nxf6+ Nxf6 7. Bd3 c5
8. dxc5 Bxc5 9. Qe2 O-O $6 {Already a significant inaccuracy, allowing White
an optimum attacking setup.} ({Black should play} 9... Qc7) 10. Bg5 Qa5+ 11. c3
Be7 12. Ne5 b6 $6 {An incredibly risky attempt to solve the problem of
developing Black's Bc8.} 13. Bb5 $1 ({Both} 13. Nc6 Qxg5) ({and} 13. Bxf6 Bxf6
14. Nc4 Qg5 15. Qe4 Qf5 $1 16. Qxa8 $2 Qxd3 {are fine for Black, so Tal sets
his sights on trapping the Black queen.}) 13... a6 14. Bc6 Ra7 15. b4 Qa3 16.
Qc2 Nd5 $1 ({"And wins," continued Tal's analysis (when playing 13.Bb5), e.g.} 
16... b5 17. Nc4 $1 bxc4 18. Bc1 {etc. However Black has another way to save
his queen.}) 17. Bxd5 exd5 18. Bc1 Bf5 $1 {The point behind Black's play. I
was beginning to feel confident for the first time in the game but Tal hadn't
finished with the tactical tricks.} 19. Bxa3 $1 Bxc2 20. Nc6 Bf6 $1 ({White
was now anticipating} 20... Rc7 21. Nxe7+ Rxe7+ 22. Kd2 Be4 23. b5 {1-0.
However White's underdeveloped army and king in the centre gives Black a
chance to confuse matters with a rook sacrifice.}) 21. Nxa7 {Played
reluctantly after great thought.} ({It is too late to bail out with} 21. Kd2 {
since} Rc7 {is good for Black, e.g.} 22. b5 Ra8 $3 23. Kxc2 axb5) 21... Bxc3+
22. Ke2 Re8+ 23. Kf3 Re6 $2 ({When considering 21.Nxa7 Tal was very worried by
} 23... d4 $1 {keeping alive options such as ...Be4+ and ...Ra8. Post-game
analysis tended to give White an edge after} 24. Rac1 Be4+ 25. Kg3 Ra8 26. Rhe1
$1 {but in any case, 23...d4 was the only consistent way to play since after
Tal's reply to 23...Re6? the game is essentially over.}) 24. Rhc1 $1 Be4+ 25.
Ke2 $1 d4 26. f3 ({After} 26. f3 Bf5+ 27. Kf2 Re3 $5 28. Rab1 $1 {wins
comfortably enough.}) 1-0

[Event "World Cup"]
[Site "Reykjavik"]
[Date "1991.??.??"]
[Round "1"]
[White "Karpov, Anatoly"]
[Black "Speelman, Jonathan S"]
[Result "1-0"]
[WhiteElo "2730"]
[BlackElo "2630"]
[Annotator "Rogers,I"]
[PlyCount "103"]
[EventDate "1991.09.??"]
[EventType "tourn"]
[EventRounds "15"]
[EventCountry "ISL"]
[EventCategory "16"]
[SourceTitle "CBM 026"]
[Source "ChessBase"]
[SourceDate "1992.02.01"]
[SourceVersion "1"]
[SourceVersionDate "1992.02.01"]
[SourceQuality "1"]

1. e4 e6 2. d4 d5 3. Nd2 dxe4 4. Nxe4 Nd7 5. Nf3 Ngf6 6. Nxf6+ Nxf6 7. Bd3 c5
8. dxc5 Bxc5 9. Qe2 O-O $6 (9... Qc7 {is known to be safer.}) 10. Bg5 Qa5+ 11.
c3 Be7 12. Ne5 h6 {This was Speelman's idea.} ({An improvement on the game Tal
-Rogers, San Francisco 1991, which had continued} 12... b6 $6 13. Bb5 $1 a6 14.
Bc6 Ra7 15. b4 Qa3 16. Qc2 Nd5 $1 17. Bxd5 exd5 18. Bc1 Bf5 $1 19. Bxa3 $1 Bxc2
20. Nc6 $1 {and Black resigned six moves later. (1-0 (28) Tal,M (2570)-Rogers,
I (2545) San Francisco 1991 CBM 023 [Rogers,I])}) 13. Bh4 Rd8 14. O-O ({
Tal was planning to answer ...Rd8 with} 14. O-O-O $5 {but, true to style,
Karpov prefers a less risky attacking build-up.}) 14... Qc7 15. Rad1 b6 16.
Rfe1 $1 Bb7 $5 {Speelman provokes the ensuing complications since he is
without another reasonable developing move.} 17. Nxf7 $3 Qc6 $1 ({Of course} 
17... Kxf7 18. Qxe6+ Kf8 19. Bg6 {is fatal for Black but now e6 is protected.
Has Karpov overreached?}) 18. Be4 $1 Qxe4 19. Qxe4 Rxd1 $1 {This wins three
pieces for the Black queen but the complications have not yet subsided.} (19...
Bxe4 20. Nxd8 {loses.}) 20. Nxh6+ $1 Kf8 21. Qxe6 Rxe1+ 22. Qxe1 gxh6 23. Bxf6
Bxf6 24. Qe6 Bg7 25. Qd6+ Ke8 ({If} 25... Kg8 26. Qd7 Be4 27. f3 Bb1 28. Qd5+ {
wins. Materially Black has sufficient compensation for the queen but his king
is exposed and his pieces do not work well together.}) 26. Qg6+ Kf8 27. Qd6+
Ke8 28. Qc7 Rd8 29. f3 Rd1+ 30. Kf2 Rd2+ 31. Kg1 Rd1+ 32. Kf2 Rd2+ 33. Ke3 Rd7
34. Qb8+ Kf7 35. Qxa7 Re7+ 36. Kf2 Bxf3 37. Qxb6 Bd5 38. Qa5 Re5 39. g3 Bf6 40.
h4 Be6 {Speelman has reached the first time control but it now is only a
matter of time before Karpov mobilises his queenside pawns to decisive effect.}
41. Qc7+ Kg6 42. a4 Bg4 43. Qc4 h5 44. Qa6 Rf5+ 45. Ke1 Rd5 46. Qb7 Rd7 47. Qb5
Bd8 48. a5 Bc7 49. Kf2 Rf7+ 50. Ke3 Re7+ 51. Kd2 Bxg3 $2 52. Qd3+ 1-0

[Event "Corus"]
[Site "Wijk aan Zee"]
[Date "2006.01.16"]
[Round "3"]
[White "Tiviakov, Sergei"]
[Black "Van Wely, Loek"]
[Result "1/2-1/2"]
[WhiteElo "2669"]
[BlackElo "2647"]
[Annotator "Rogozenco,D"]
[PlyCount "49"]
[EventDate "2006.01.14"]
[EventType "tourn"]
[EventRounds "13"]
[EventCountry "NED"]
[EventCategory "19"]
[SourceTitle "CBM 111"]
[Source "ChessBase"]
[SourceDate "2006.04.04"]
[SourceVersion "1"]
[SourceVersionDate "2006.04.04"]
[SourceQuality "1"]

1. e4 c5 (1... e6 2. d4 d5 3. Nd2 dxe4 4. Nxe4 Nd7 5. Nf3 Ngf6 6. Nxf6+ Nxf6 7.
Bd3 c5 8. c3 {Not the most popular move on the high level. Tiviakov himself
played here 8.dxc5.} cxd4 9. Nxd4 {Compare this position to the one from the
game after move 10.}) 2. c3 d5 3. exd5 Qxd5 4. d4 e6 5. Nf3 Nf6 6. Na3 {
Tiviakov's pet line lately. White reduces the risk of losing to minimum, since
in opposite to other main variations, here White rarely gets an IQP.} (6. Be3 {
is the main continuation, after which Black can choose between} cxd4 7. cxd4
Nc6 ({or} 7... Bb4+ {which is popular lately and offers Black reasonable play.}
) 8. Nc3 Qd6) 6... Qd8 (6... Nc6 7. Be3 cxd4 8. Nb5 Qd8 9. Nbxd4 Nd5 10. Nxc6
bxc6 11. Bd4 f6 12. Bc4 e5 13. Bxe5 fxe5 14. Nxe5 Qd6 15. O-O Be6 16. Qh5+ (16.
Re1 $5 $44) 16... g6 17. Nxg6 Nf6 18. Qe2 hxg6 19. Qxe6+ Qxe6 20. Bxe6 Kd8 21.
g3 {1/2-1/2 Tiviakov,S (2678)-Smeets,J (2537)/Leeuwarden 2005.}) 7. Nc2 (7. Nc4
Nc6 $11 (7... Be7 $11)) (7. Bf4 Nc6 8. dxc5 Nd5 $11) (7. Be2 Nc6 $11) 7... Nc6
{This time Van Wely goes for the main plan. Half a year prior to the present
game Loek played differently against the same opponent.} (7... Qc7 8. g3 (8.
Bd3 Nbd7 $14 {[%cal Gb7b6,Gc8b7] /=}) (8. Be2 Be7 9. O-O O-O $11) 8... b6 9.
dxc5 (9. Bf4 Bd6 $11) 9... Bxc5 10. Bf4 Qc6 11. Bg2 Bb7 12. Ncd4 Bxd4 (12...
Qc8 $5) 13. Qxd4 O-O 14. O-O Nbd7 $14 {/= 1/2-1/2 Tiviakov,S (2678)-Van Wely,L
(2655)/Leeuwarden 2005 (46)}) 8. Bd3 cxd4 9. Ncxd4 Nxd4 10. Nxd4 {Now we have
a transposition to the French Defence. The theory considers it to be close to
equal.} Bc5 (10... Be7 11. O-O $14 O-O 12. Qe2 Re8 13. Rd1 Bd7 14. Bf4 Qa5 15.
Be5 Rac8 $2 16. Nb3 Qa4 17. Bxf6 Bxf6 18. Bxh7+ Kf8 (18... Kxh7 19. Qd3+ Kg8
20. Qxd7) 19. Be4 b6 20. Nd4 g6 21. Bc2 Qa5 22. Qf3 $16 {/+- 1-0 Pavasovic,D 
(2505)-Justin,M (2395)/Ljubljana 1998 (55)}) 11. O-O Bxd4 (11... O-O $5) 12.
Qa4+ Ke7 $6 $146 {This ambitious novelty is very dubious.} (12... Bd7 13. Qxd4
Bc6 14. Be3 O-O $14 {1/2-1/2 Brodsky,M (2515)-Mirzoev,A (2430)/Swidnica 1997 
(33)}) 13. cxd4 Qd6 14. b3 Bd7 15. Qa5 b6 16. Qe5 $6 {A strange decision. With
the queens on the board Black's task would have been much more difficult.} (16.
Qg5 h6 17. Qh4 $16 {[%cal Ga2a4,Gc1a3]}) 16... Bc6 17. Rd1 (17. a4 Qxe5 18.
dxe5 Nd5 19. Ba3+ Kd7 20. Ba6 $16) 17... h6 (17... Rhd8 $142 18. Bg5 $140 h6
19. Bxf6+ gxf6) 18. h3 Rhd8 19. a4 Qd5 (19... Qxe5 20. dxe5 Nd5 21. Ba3+ $14 {
/+/-}) 20. Ba3+ Ke8 21. Bf1 {Again White neglects the possibility to keep
queens on.} (21. Qg3 Qg5) (21. Qh2 $5 {[%csl Re8][%cal Gd3c4]}) 21... Qxe5 22.
dxe5 Rxd1 23. Rxd1 Nd5 {Now Black consolidated. White's bishop pair gives him
only formal advantage, since Black has no visible weaknesses.} 24. Rd3 a6 25.
Rg3 (25. Rg3 g6 $14) 1/2-1/2

[Event "Moscow Aeroflot op-A"]
[Site "Moscow"]
[Date "2006.02.16"]
[Round "9"]
[White "Ganguly, Surya Shekhar"]
[Black "Roiz, Michael"]
[Result "1/2-1/2"]
[WhiteElo "2579"]
[BlackElo "2599"]
[Annotator "Roiz,M"]
[PlyCount "71"]
[EventDate "2006.02.08"]
[EventType "swiss"]
[EventRounds "9"]
[EventCountry "RUS"]
[SourceTitle "CBM 112"]
[Source "ChessBase"]
[SourceDate "2006.06.07"]
[SourceVersion "1"]
[SourceVersionDate "2006.06.07"]
[SourceQuality "1"]

1. e4 e6 2. d4 d5 3. Nc3 dxe4 4. Nxe4 Nd7 5. Nf3 Ngf6 6. Nxf6+ Nxf6 7. Be3 {
In my opinion this move is hardly dangerous for Black, as campared to the 7.
Bg5 h6 8.Be3 system, Black's king-side is not compromised.} Bd6 $5 {A flexible
way of development - Black prepares a king-side castle, followed by b7-b6 and
Bc8-b7.} ({A few time ago Nigel Short has scored a convincing victory in this
line after:} 7... a6 8. Bd3 b6 9. O-O Bb7 10. c4 Be7 11. Qe2 c5 12. dxc5 bxc5
13. Ne5 Bd6 14. Bf4 Qe7 15. Rad1 Rd8 16. Bc2 O-O 17. Bg5 h6 18. Bh4 g5 $6 19.
Bg3 Bb8 20. f4 $40 {1-0 Short,N-Korchnoi,V/Gibraltar ENG 2006 (34)}) 8. Bd3 ({
Maybe more promising would be:} 8. Qd2 $5 {preparing queen-side castling,
although after} O-O 9. O-O-O b6 10. Bd3 Bb7 $132 {Black's position is very
solid.}) 8... b6 {I wasn't worried too much about 9.Bb5+.} 9. O-O $146 {
A harmless continuation - now Black easily solves all his problems.} (9. Bb5+
Bd7 10. Qe2 Bxb5 11. Qxb5+ Qd7 $11) ({The last attempt to fight for an opening
advantage would be:} 9. Ne5 $5 Bxe5 ({during the game I was concerned on:} 9...
Bb7 10. Bb5+ Kf8 11. O-O c5 $132) 10. dxe5 Nd5 11. Qg4 Nxe3 12. Qxg7 (12. fxe3
$5) 12... Rf8 13. fxe3 Qh4+ 14. Ke2 Bb7 $44 {1/2-1/2 Kudinov,I-Huguet,B/Bad
Liebenzell 1996/EXT 98 (17)}) 9... Bb7 10. h3 {Pointless - the threat of 10...
Ng4 wasn't too scary. On the other hand, this weakening may be significant.} ({
More accurate was:} 10. Qe2 O-O 11. Rad1 Qe7 $11) 10... O-O 11. c4 $2 {[%mdl
16384] A serious strategical mistake - now Black gets a clear advantage due to
his control of the dark squares!} ({Still, after} 11. Qe2 Qe7 12. Rad1 c5 13.
c3 $11 {White is not worse.}) 11... c5 12. dxc5 ({After} 12. Qe2 Bxf3 13. Qxf3
cxd4 14. Bxd4 Bh2+ 15. Kxh2 Qxd4 16. b3 Rad8 17. Rad1 Qc5 $15 {White's
position also would be quite unpleasant: the Nf6 is obviously stronger than
the Bd3 here.}) 12... Bxc5 13. Bg5 $6 {Avoiding the bishop's exchange, but now
the Bc5 is much stronger than it's collegue.} ({I would prefer:} 13. Bxc5 bxc5
14. Qe2 Qc7 15. Rfd1 Rfd8 {although White is under pressure here.}) 13... Qc7
14. Re1 (14. Qe2 Nh5 15. Rfd1 Nf4 16. Bxf4 (16. Qe5 Nxh3+ $1 17. gxh3 Qc6 18.
Be2 f6 $19) 16... Qxf4 $17) (14. Bxf6 gxf6 15. Qe2 Qf4 $17) 14... Rfd8 ({After
} 14... Qg3 15. Bh4 (15. Be3 Bxe3 16. Rxe3 Qf4 $15) 15... Bxf2+ 16. Kh1 Bxf3
17. Bxg3 Bxd1 18. Bxf2 $15 {White would have excellent drawish chances due to
his pair of bishops.}) 15. Bxf6 {The exchange is practically forced.} ({
Worse would be:} 15. Qe2 $2 Qg3 16. Bh4 Bxf2+ 17. Qxf2 Qxf2+ 18. Kxf2 Rxd3 $17
{and Black is close to win.}) 15... gxf6 16. Qe2 f5 $1 {Preventing White from
swapping the bishops.} 17. Rad1 Qf4 18. Bc2 {White should exchange the rooks,
since his monarch may find himself under strong pressure along the 'g' file.}
Kg7 19. b3 Kf6 $1 {The king is located well here - a rare example in the
middlegame!} 20. Rxd8 Rxd8 21. Rd1 Bxf3 $2 {This exchange leads to a
completely drawn endgame with bishops of opposite colors.} ({It was necessary
to keep rooks on the board. In this case White couldn't take advantage of
controlling the 'd' file:} 21... Rg8 22. Kf1 Bc6 23. Bb1 a5 24. Qb2+ (24. Qd2
Qxd2 25. Rxd2 e5 $17) 24... e5 $17 {Black's position is closed to winning from
a strategical point of view: white's pieces are totally passive, while Black
may advance his central pawns little by little!}) 22. Qxf3 Qxf3 23. gxf3 Rxd1+
({Nothing changed:} 23... Rg8+ 24. Kf1 {and Black has no squares for
penetration.}) 24. Bxd1 Ke5 25. Kf1 Kf4 ({After} 25... Kd4 26. f4 $1 {[%cal
Gd1h5]} Kc3 27. Bh5 a5 28. Bxf7 Kb2 29. Be8 Kxa2 30. Ba4 $11 {Black may win
the Pf4, but this gives him nothing.}) 26. Ke2 a5 27. Bc2 h6 28. Bd1 Be7 29.
Bc2 Ke5 30. c5 {This sacriifce wasn't necessary, but White wants to activate
his bishop.} Bxc5 31. a4 $1 {The alst accuracy - now White is able to protect
all the rest pawns.} Kf4 32. Bd3 e5 33. Bc4 f6 34. Be6 e4 35. Bd7 Ke5 (35...
exf3+ 36. Kf1 {gives nothing, as black's material advantage is symbolic here!})
36. Bc8 1/2-1/2